| 000 | 00613cam a2200217 4500 | ||
|---|---|---|---|
| 001 | 3197208 | ||
| 005 | 20180130035141.0 | ||
| 008 | 731108s1973 paua b 001 0 eng | ||
| 010 | _a 77173336 | ||
| 020 | _a0721652999 | ||
| 040 |
_aDLC _cDLC _dDLC |
||
| 041 | _aeng | ||
| 080 | _a617.96 | ||
| 082 | 0 | 0 | _a617/.96 KAT |
| 100 | 1 | _a6 | |
| 101 | _aANE | ||
| 245 | 1 | 0 |
_aAnesthesia and uncommon diseases; _cEdited by Jordan Katz and Leslie B. Kadis. |
| 504 | _aIncludes bibliographies. | ||
| 906 |
_a7 _bcbc _corignew _d2 _encip _f19 _gy-gencatlg |
||
| 942 |
_2ddc _cBK |
||
| 999 |
_c41232 _d41232 |
||